000 01339nam a2200337Ia 4500
005 20220317001456.0
008 161108s2000 s a j 000 j s
020 _a8484880087
100 1 _aKidd, Richard
_d1952-2008
245 1 0 _aDaisy quiere ser famosa
_cRichard Kidd
250 _a1a. edición
300 _a[28] páginas
_bilustraciones en color
_c28 cm
500 _aIncluye datos biográficos de los artistas
520 _aA través de este cuento, Richard Kidd nos muestra la enorme sensibilidad de Van Gogh, Monet, Chagall, Gauguin y Jackson Pollock, con reproducciones de algunos de sus más famosos cuadros
521 _aRecomendado para niños de 6 años en adelante
534 _tAlmost famous Daisy!
650 1 4 _2LEMB
_aCuentos infantiles ingleses
_ySiglo XX
650 1 4 _2LEMB
_aLiteratura infantil inglesa
_ySiglo XX
650 1 4 _2LEMB
_aArte en la literatura
650 1 4 _2LEMB
_aArtistas en la literatura
650 1 4 _2LEMB
_aViajes en la literataura
700 1 _aKidd, Richard
_d1952-2008
_973751
700 1 _aMendo, Miguel Ángel
_d1949-
_etraductor
_973755
942 _2loc
_cBKLIT
264 _aBarcelona
_bSerres
_c2000
336 _atexto
_btxt
_2rdacontent
337 _asin mediación
_bn
_2rdamedia
338 _avolumen
_bnc
_2rdacarrier
040 _aCO-BoRNBP
_bspa
_erda
_cCO-BoRNBP
084 _aC KID1
999 _c7089
_d7089